000 00448nam a2200145Ia 4500
008 100122s9999 xx 000 0 und d
082 _b55906
_a338.64
100 _aठाकूर योगेंद्र
245 _aउद्योजक व्हा
260 _bआमोद प्रकाशन
_c1998
300 _a112
630 _aउद्योजक व्हा
730 _aउद्योजक व्हा
942 _cBOOK
999 _c432437
_d432434